Villes du Championnat d'Europe de football 2016 - Statistiques

Statistiques générales
  • Ce quiz a été pris 136 fois
  • Le résultat moyen est 9 sur 10
Statistiques - réponses
Par images Réponse % Correct
Paris
100%
Lille Métropole (Villeneuve-d'Ascq)
99%
Marseille
98%
Bordeaux
97%
Nice
97%
Lyon (Décines-Charpieu)
96%
Toulouse
87%
Saint-Étienne
73%
Lens
70%
Saint-Denis
40%
Aucun quiz correspondant
Distribution des résultats
% des personnes avec chaque résultat
Percentile par nombre de réponses
Votre historique - résultats
Vous n’avez pas pris ce quiz